[Event "Barcelona Sants op 16th"]
[Site "Barcelona"]
[Date "2014.08.27"]
[Round "6"]
[White "Gomez Garrido, Camilo Ernesto"]
[Black "Diaz Castro, Sergio A"]
[Result "1-0"]
[WhiteElo "2496"]
[BlackElo "2272"]
[PlyCount "125"]
[EventDate "2014.08.22"]
[EventType "swiss"]
[EventRounds "10"]
[EventCountry "ESP"]
[SourceTitle "CBM 162 Extra"]
[Source "ChessBase"]
[SourceDate "2014.10.17"]
[SourceVersion "1"]
[SourceVersionDate "2014.10.17"]
[SourceQuality "1"]

1. e4 c5 2. Nf3 g6 3. c4 Nc6 4. d4 cxd4 5. Nxd4 Bg7 6. Be3 Nf6 7. Nc3 0-0 8. Be2 b6 9. 0-0 Bb7 10. f3 e6 11. Rc1 d5 12. Nxc6 Bxc6 13. e5 Ne8 14. cxd5 exd5 15. f4 f6 16. Bf3 Nc7 17. Ne2 Bb7 18. exf6 Bxf6 19. Nd4 Qd6 20. Qd2 Rae8 21. g3 Re7 22. Rfd1 Rfe8 23. Bf2 Ne6 24. b4 Kg7 25. a4 Rd8 26. a5 Nxd4 27. Bxd4 Bxd4+ 28. Qxd4+ Qf6 29. Kf2 Rd6 30. h4 Qxd4+ 31. Rxd4 h6 32. Be2 Kf6 33. a6 Bc6 34. Bd3 Bd7 35. b5 Be6 36. Be2 Rdd7 37. Rd2 Rd6 38. g4 d4 39. g5+ hxg5 40. hxg5+ Kg7 41. Bd3 Bd5 42. Re2 Rdd7 43. Rc8 Rf7 44. Kg3 Rc7 45. Rxc7 Rxc7 46. Re5 Bb3 47. Kf2 Kf7 48. Re4 Rd7 49. Ke2 Rd6 50. Kd2 Be6 51. Re1 Bd5 52. Rc1 Rd7 53. Rc8 Kg7 54. Bc4 Be4 55. Rg8+ Kh7 56. Re8 Bg2 57. Bd3 Rf7 58. Rd8 Rxf4 59. Rd7+ Kh8 60. Rxa7 Rf2+ 61. Ke1 Rb2 62. Rd7 Kg8 63. Rxd4 1-0

[Event "Barcelona Sants op 16th"]
[Site "Barcelona"]
[Date "2014.08.22"]
[Round "1"]
[White "Diaz Castro, Sergio A"]
[Black "Martinez Pla, Xavier"]
[Result "1-0"]
[WhiteElo "2272"]
[BlackElo "1886"]
[PlyCount "81"]
[EventDate "2014.08.22"]
[EventType "swiss"]
[EventRounds "10"]
[EventCountry "ESP"]
[SourceTitle "CBM 162 Extra"]
[Source "ChessBase"]
[SourceDate "2014.10.17"]
[SourceVersion "1"]
[SourceVersionDate "2014.10.17"]
[SourceQuality "1"]

1. e4 c5 2. Nf3 e6 3. g3 Nc6 4. Bg2 g6 5. d4 cxd4 6. Nxd4 a6 7. Be3 Nge7 8. 0-0 Bg7 9. c4 0-0 10. Nc3 Qc7 11. Rc1 Nxd4 12. Bxd4 d6 13. Bxg7 Kxg7 14. Qd2 Bd7 15. Rfd1 Rfd8 16. Qxd6 Qxd6 17. Rxd6 Be8 18. e5 Nc6 19. f4 Rab8 20. Rcd1 Rdc8 21. Ne4 Ne7 22. b3 b5 23. Rxa6 bxc4 24. Nd6 Rc7 25. Rb6 Rd8 26. bxc4 Rxc4 27. Rd2 Rc1+ 28. Kf2 Kf8 29. Rdb2 Nf5 30. Be4 Nxd6 31. Rxd6 Rxd6 32. exd6 Rd1 33. Rb6 f5 34. Bb1 Kf7 35. Ke2 Rd5 36. Bd3 Kf6 37. Ke3 Bd7 38. Bc4 Rc5 39. Kd4 Rc8 40. Rb7 Bc6 41. Rc7 1-0